| 000 -LEADER |
| fixed length control field |
00613nam a2200253Ia 4500 |
| 001 - CONTROL NUMBER |
| control field |
16419 |
| 003 - CONTROL NUMBER IDENTIFIER |
| control field |
GE_BSU |
| 008 - FIXED-LENGTH DATA ELEMENTS--GENERAL INFORMATION |
| fixed length control field |
181216s||||||||xx |||||||||||||| ||und|| |
| 020 ## - INTERNATIONAL STANDARD BOOK NUMBER |
| International Standard Book Number |
9783941323049 |
| 040 ## - CATALOGING SOURCE |
| Transcribing agency |
GE_BSU |
| 080 ## - UNIVERSAL DECIMAL CLASSIFICATION NUMBER |
| Universal Decimal Classification number |
811.112 |
| 100 ## - MAIN ENTRY--PERSONAL NAME |
| Personal name |
Volgnandt, Gabriele,Dieter Volgnandt |
| 245 ## - TITLE STATEMENT |
| Title |
Exportwege |
| 245 ## - TITLE STATEMENT |
| Remainder of title |
Wirtschaftsdeutsch: neu Kursbuch :3 BI .B2 |
| 260 ## - PUBLICATION, DISTRIBUTION, ETC. |
| Place of publication, distribution, etc. |
Germany |
| 260 ## - PUBLICATION, DISTRIBUTION, ETC. |
| Name of publisher, distributor, etc. |
SCHUBERT-VERLAG |
| 260 ## - PUBLICATION, DISTRIBUTION, ETC. |
| Date of publication, distribution, etc. |
2010 |
| 300 ## - PHYSICAL DESCRIPTION |
| Extent |
244p,ill,30cm |
| 300 ## - PHYSICAL DESCRIPTION |
| Other physical details |
+2CD. |
| 653 ## - INDEX TERM--UNCONTROLLED |
| Uncontrolled term |
Exportwege |
| 653 ## - INDEX TERM--UNCONTROLLED |
| Uncontrolled term |
გერმანული ენა |
| 942 ## - ADDED ENTRY ELEMENTS (KOHA) |
| Koha item type |
წიგნი |